Statistics for NHL 50 Goal Scorers - Current List

Click here to take the quiz!

General Stats

  • This quiz has been taken 187 times
    (28 since last reset)
  • The average score is 145 of 209

Answer Stats

SeasonTeamGoalsAnswer% Correct
2007-08Washington Capitals65Alexander Ovechkin
100%
2015-16Washington Capitals50Alexander Ovechkin
100%
2005-06Washington Capitals52Alexander Ovechkin
100%
2008-09Washington Capitals56Alexander Ovechkin
100%
2009-10Washington Capitals50Alexander Ovechkin
100%
2013-14Washington Capitals51Alexander Ovechkin
100%
2014-15Washington Capitals53Alexander Ovechkin
100%
2018-19Washington Capitals51Alexander Ovechkin
100%
2021-22Washington Capitals50Alexander Ovechkin
100%
1971-72Chicago Blackhawks50Bobby Hull
100%
1968-69Chicago Blackhawks58Bobby Hull
100%
1966-67Chicago Blackhawks52Bobby Hull
100%
1965-66Chicago Blackhawks54Bobby Hull
100%
1961-62Chicago Blackhawks50Bobby Hull
100%
1991-92St. Louis Blues70Brett Hull
100%
1989-90St. Louis Blues72Brett Hull
100%
1990-91St. Louis Blues86Brett Hull
100%
1993-94St. Louis Blues57Brett Hull
100%
1992-93St. Louis Blues54Brett Hull
100%
2022-23Edmonton Oilers64Connor McDavid
100%
1987-88Pittsburgh Penguins70Mario Lemieux
100%
1986-87Pittsburgh Penguins54Mario Lemieux
100%
1988-89Pittsburgh Penguins85Mario Lemieux
100%
1995-96Pittsburgh Penguins69Mario Lemieux
100%
1992-93Pittsburgh Penguins69Mario Lemieux
100%
1996-97Pittsburgh Penguins50Mario Lemieux
100%
2021-22Toronto Maple Leafs60Auston Matthews
89%
2023-24Toronto Maple Leafs69Auston Matthews
89%
1980-81Quebec Nordiques52Jacques Richard
89%
1983-84Edmonton Oilers52Jari Kurri
89%
1986-87Edmonton Oilers54Jari Kurri
89%
1985-86Edmonton Oilers68Jari Kurri
89%
1984-85Edmonton Oilers71Jari Kurri
89%
1981-82Los Angeles Kings50Marcel Dionne
89%
1982-83Los Angeles Kings56Marcel Dionne
89%
1979-80Los Angeles Kings53Marcel Dionne
89%
1978-79Los Angeles Kings59Marcel Dionne
89%
1976-77Los Angeles Kings53Marcel Dionne
89%
1980-81Los Angeles Kings58Marcel Dionne
89%
1981-82Edmonton Oilers50Mark Messier
89%
1944-45Montreal Canadiens50Maurice Richard
89%
2023-24Colorado Avalanche51Nathan Mackinnon
89%
2009-10Pittsburgh Penguins51Sidney Crosby
89%
2009-10Tampa Bay Lightning51Steven Stamkos
89%
2011-12Tampa Bay Lightning60Steven Stamkos
89%
1992-93Winnipeg Jets76Teemu Selanne
89%
1996-97Mighty Ducks of Anaheim51Teemu Selanne
89%
1997-98Mighty Ducks of Anaheim52Teemu Selanne
89%
1982-83Edmonton Oilers71Wayne Gretzky
89%
1988-89Los Angeles Kings54Wayne Gretzky
89%
1986-87Edmonton Oilers62Wayne Gretzky
89%
1985-86Edmonton Oilers52Wayne Gretzky
89%
1984-85Edmonton Oilers73Wayne Gretzky
89%
1983-84Edmonton Oilers87Wayne Gretzky
89%
1979-80Edmonton Oilers51Wayne Gretzky
89%
1981-82Edmonton Oilers92Wayne Gretzky
89%
1980-81Edmonton Oilers55Wayne Gretzky
89%
2022-23Tampa Bay Lightning51Brayden Point
78%
2010-11Anaheim Ducks50Corey Perry
78%
2022-23Boston Bruins61David Pastrnak
78%
2011-12Pittsburgh Penguins50Evgeni Malkin
78%
1979-80Montreal Canadiens50Guy Lafleur
78%
1974-75Montreal Canadiens53Guy Lafleur
78%
1976-77Montreal Canadiens56Guy Lafleur
78%
1977-78Montreal Canadiens60Guy Lafleur
78%
1975-76Montreal Canadiens56Guy Lafleur
78%
1978-79Montreal Canadiens52Guy Lafleur
78%
2005-06Atlanta Thrashers52Ilya Kovalchuk
78%
2007-08Atlanta Thrashers52Ilya Kovalchuk
78%
2001-02Calgary Flames52Jarome Iginla
78%
2007-08Calgary Flames50Jarome Iginla
78%
1995-96Pittsburgh Penguins62Jaromir Jagr
78%
2000-01Pittsburgh Penguins52Jaromir Jagr
78%
2005-06New York Rangers54Jaromir Jagr
78%
1992-93Chicago Blackhawks50Jeremy Roenick
78%
1991-92Chicago Blackhawks53Jeremy Roenick
78%
2000-01Colorado Avalanche54Joe Sakic
78%
1995-96Colorado Avalanche51Joe Sakic
78%
1970-71Boston Bruins51Johnny Bucyk
78%
1995-96Winnipeg Jets50Keith Tkachuk
78%
1996-97Phoenix Coyotes52Keith Tkachuk
78%
2021-22Edmonton Oilers55Leon Draisaitl
78%
2022-23Edmonton Oilers52Leon Draisaitl
78%
2018-19Edmonton Oilers50Leon Draisaitl
78%
1992-93Los Angeles Kings63Luc Robitaille
78%
1989-90Los Angeles Kings52Luc Robitaille
78%
1987-88Los Angeles Kings53Luc Robitaille
78%
1979-80New York Islanders51Mike Bossy
78%
1980-81New York Islanders68Mike Bossy
78%
1981-82New York Islanders64Mike Bossy
78%
1982-83New York Islanders60Mike Bossy
78%
1977-78New York Islanders53Mike Bossy
78%
1984-85New York Islanders58Mike Bossy
78%
1978-79New York Islanders69Mike Bossy
78%
1985-86New York Islanders61Mike Bossy
78%
1983-84New York Islanders51Mike Bossy
78%
1984-85Washington Capitals50Mike Gartner
78%
2022-23Colorado Avalanche55Mikko Rantanen
78%
1992-93Vancouver Canucks60Pavel Bure
78%
2000-01Florida Panthers59Pavel Bure
78%
1999-00Florida Panthers58Pavel Bure
78%
1993-94Vancouver Canucks60Pavel Bure
78%
1997-98Vancouver Canucks51Pavel Bure
78%
1972-73Boston Bruins55Phil Esposito
78%
1970-71Boston Bruins76Phil Esposito
78%
1973-74Boston Bruins68Phil Esposito
78%
1971-72Boston Bruins66Phil Esposito
78%
1974-75Boston Bruins61Phil Esposito
78%
2023-24Edmonton Oilers54Zach Hyman
78%
1981-82New York Islanders50Bryan Trottier
67%
2021-22New York Rangers52Chris Kreider
67%
1984-85Winnipeg Jets53Dale Hawerchuck
67%
1988-89Calgary Flames51Joe Nieuwendyk
67%
1987-88Calgary Flames51Joe Nieuwendyk
67%
2005-06San Jose Sharks56Jonathan Cheechoo
67%
1982-83Calgary Flames66Lanny McDonald
67%
1992-93Philadelphia Flyers53Mark Recchi
67%
1984-85Quebec Nordiques55Michel Goulet
67%
1982-83Quebec Nordiques57Michel Goulet
67%
1985-86Quebec Nordiques53Michel Goulet
67%
1983-84Quebec Nordiques56Michel Goulet
67%
1989-90New York Islanders54Pat LaFontaine
67%
1992-93Buffalo Sabres53Pat LaFontaine
67%
2023-24Florida Panthers57Sam Reinhart
67%
1992-93Detroit Red Wings58Steve Yzerman
67%
1987-88Detroit Red Wings50Steve Yzerman
67%
1988-89Detroit Red Wings65Steve Yzerman
67%
1990-91Detroit Red Wings51Steve Yzerman
67%
1989-90Detroit Red Wings62Steve Yzerman
67%
2006-07Tampa Bay Lightning52Vincent Lecavalier
67%
1992-93Buffalo Sabres76Alexander Mogilny
56%
1995-96Vancouver Canucks55Alexander Mogilny
56%
1988-89Los Angeles Kings70Bernie Nicholls
56%
1981-82Hartford Whalers52Blaine Stoughton
56%
1979-80Hartford Whalers56Blaine Stoughton
56%
1992-93St. Louis Blues51Brendan Shanahan
56%
1993-94St. Louis Blues52Brendan Shanahan
56%
1979-80Los Angeles Kings56Charlie Simmer
56%
1980-81Los Angeles Kings56Charlie Simmer
56%
2005-06Ottawa Senators50Dany Heatley
56%
2006-07Ottawa Senators50Dany Heatley
56%
1992-93Buffalo Sabres/Toronto Maple Leafs54Dave Andreychuk
56%
1993-94Toronto Maple Leafs53Dave Andreychuk
56%
1980-81Washington Capitals50Dennis Maruk
56%
1981-82Washington Capitals60Dennis Maruk
56%
1981-82Minnesota North Stars55Dino Ciccarelli
56%
1986-87Minnesota North Stars52Dino Ciccarelli
56%
1984-85Detroit Red Wings55John Ogrodnick
56%
1991-92Pittsburgh Penguins54Kevin Stevens
56%
1992-93Pittsburgh Penguins55Kevin Stevens
56%
1973-74Detroit Red Wings51Mickey Redmond
56%
1972-73Detroit Red Wings52Mickey Redmond
56%
1993-94Dallas Stars50Mike Modano
56%
1995-96Mighty Ducks of Anaheim50Paul Kariya
56%
1997-98Washington Capitals52Peter Bondra
56%
1995-96Washington Capitals52Peter Bondra
56%
1979-80Philadelphia Flyers50Reggie Leach
56%
1975-76Philadelphia Flyers61Reggie Leach
56%
1993-94Detroit Red Wings56Sergei Fedorov
56%
1976-77Montreal Canadiens60Steve Shutt
56%
1990-91Calgary Flames51Theoren Fleury
56%
1982-83Chicago Blackhawks54Al Secord
44%
1960-61Montreal Canadiens50Bernie Geoffrion
44%
1975-76Philadelphia Flyers50Bill Barber
44%
1989-90Minnesota North Stars55Brian Bellows
44%
1993-94Boston Bruins50Cam Neely
44%
1989-90Boston Bruins55Cam Neely
44%
1990-91Boston Bruins51Cam Neely
44%
1975-76Buffalo Sabres50Danny Gare
44%
1979-80Buffalo Sabres56Danny Gare
44%
1991-92Calgary Flames53Gary Roberts
44%
1983-84Edmonton Oilers54Glenn Anderson
44%
1985-86Edmonton Oilers54Glenn Anderson
44%
1978-79Atlanta Flames50Guy Chouinard
44%
1975-76Pittsburgh Penguins52Jean Pronovost
44%
1987-88Los Angeles Kings55Jimmy Carson
44%
1997-98Philadelphia Flyers51John LeClair
44%
1995-96Philadelphia Flyers51John LeClair
44%
1996-97Philadelphia Flyers50John LeClair
44%
1973-74Boston Bruins50Ken Hodge
44%
2002-03Colorado Avalanche50Milan Hejduk
44%
1975-76Pittsburgh Penguins53Pierre Larouche
44%
1979-80Montreal Canadiens50Pierre Larouche
44%
1980-81Pittsburgh Penguins55Rick Kehoe
44%
1973-74Buffalo Sabres52Rick Martin
44%
1974-75Buffalo Sabres52Rick Martin
44%
1981-82Boston Bruins51Rick Middleton
44%
1981-82Toronto Maple Leafs54Rick Vaive
44%
1983-84Toronto Maple Leafs52Rick Vaive
44%
1982-83Toronto Maple Leafs51Rick Vaive
44%
1989-90Montreal Canadiens51Stephane Richer
44%
1987-88Montreal Canadiens50Stephane Richer
44%
1984-85Philadelphia Flyers54Tim Kerr
44%
1986-87Philadelphia Flyers58Tim Kerr
44%
1983-84Philadelphia Flyers54Tim Kerr
44%
1985-86Philadelphia Flyers58Tim Kerr
44%
1971-72New York Rangers50Vic Hadfield
44%
1980-81St. Louis Blues54Wayne Babych
44%
1993-94New York Rangers52Adam Graves
33%
1984-85Washington Capitals53Bobby Carpenter
33%
1987-88Pittsburgh Penguins/Edmonton Oilers56Craig Simpson
33%
1974-75Detroit Red Wings50Danny Grant
33%
1989-90Toronto Maple Leafs51Gary Leeman
33%
1987-88Calgary Flames50Hakan Loob
33%
1988-89Calgary Flames51Joe Mullen
33%
1983-84Pittsburgh Penguins51Mike Bullard
33%
1992-93New York Islanders58Pierre Turgeon
33%
1993-94Detroit Red Wings52Ray Sheppard
33%
1972-73Philadelphia Flyers50Rick MacLeish
33%

Score Distribution

Percentile by Number Answered

Percent of People with Each Score

Your Score History

You have not taken this quiz since the last reset